IoT Based Patient Healthcare System. (Record no. 66781)

MARC details
000 -LEADER
fixed length control field 00517nam a22001817a 4500
082 ## - DEWEY DECIMAL CLASSIFICATION NUMBER
Classification number R/2CS17
100 ## - MAIN ENTRY--AUTHOR NAME
Personal name Sateesh Kumar
100 ## - MAIN ENTRY--AUTHOR NAME
Personal name Roll No. 17CS21
100 ## - MAIN ENTRY--AUTHOR NAME
Personal name Supervisor - Prof. Dr. Pardeep Kumar
245 ## - TITLE STATEMENT
Title IoT Based Patient Healthcare System.
260 ## - PUBLICATION, DISTRIBUTION, ETC. (IMPRINT)
Place of publication Nawabshah
Name of publisher QUEST
Year of publication 2020
300 ## - PHYSICAL DESCRIPTION
Number of Pages 36p
700 ## - ADDED ENTRY--PERSONAL NAME
Personal name Manesh Kumar (Roll No. 17CS23)
700 ## - ADDED ENTRY--PERSONAL NAME
Personal name Yougesh Raja (Roll No. 17CS25)
700 ## - ADDED ENTRY--PERSONAL NAME
Personal name Love Kumar (Roll No. 17CS38)
700 ## - ADDED ENTRY--PERSONAL NAME
Personal name Jahanzeb Ali (Roll No. 17CS51)
942 ## - ADDED ENTRY ELEMENTS (KOHA)
Koha item type Thesis and Dissertation
Holdings
Withdrawn status Lost status Home library Current library Date acquired Full call number Accession Number Koha item type
    Research Section Research Section 07/01/2021 R/2CS17 17CS-T189 Thesis and Dissertation